000 00462cam a2200181ua 4500
001 2408
008 110816n ii |||gr||||Z||||||asm
040 _cMAIN
082 _a398.054162
100 _aBardoloi, Nirmaol Prabha,
_eAuthor.
245 1 _aAsomar loka sanskriti
_cby Nirmol Prabha Bardoloi
250 _a3th.
260 _aGuahati:
_bBina Library,987.
300 _a265p:
_bill;
_c23cm.
653 _aFolklore
653 _aAssamese culture
942 _cBK
999 _c2265
_d2265